Everyday Clothes

Bibliographic Details
Format: Book
Published: Great Britain : Ticktock entertainment Ltd , 2006
Subjects:

MARC

LEADER 00000cam a2200000 7i4500
001 0000091314
005 20230419104308.0
008
020 |a 1860079830 
041 |a English 
090 0 0 |a CUS   |b ENG 
245 0 0 |a Everyday Clothes 
260 |a Great Britain :   |b Ticktock entertainment Ltd ,   |c 2006 
650 0 |a English fiction 
999 |a 0001076851   |b Book   |c Children Collection   |e Cawangan Bandar Penawar